| 000 | 00532nam a22001697a 4500 | ||
|---|---|---|---|
| 003 | MACL | ||
| 005 | 20160726114052.0 | ||
| 008 | 160726b xxu||||| |||| 00| 0 eng d | ||
| 040 | _cMACL | ||
| 041 | _aHindi | ||
| 082 | _a891.431 NEE | ||
| 100 |
_aनीलाभ _9555 |
||
| 245 |
_aजहॉ मैं सॉस ले रहा हूॅ अभी _cनीलाभ |
||
| 260 |
_aइलाहाबाद _bअपराजिता पब्लिकेशन _c2012 |
||
| 650 |
_aकविता _9226 |
||
| 942 |
_2ddc _cHIN |
||
| 999 |
_c54961 _d54961 |
||